| 000 | 00361nam a2200157Ia 4500 | ||
|---|---|---|---|
| 005 | 20250316140803.0 | ||
| 008 | 240331s9999 xx 000 0 und d | ||
| 082 |
_bKAN _a894 |
||
| 100 | _aKannadhasan, | ||
| 245 | 0 | _aKadaisi pakkam | |
| 250 | _a16th | ||
| 260 |
_aMadras _bKannadhasan Pathippagam _c1996 |
||
| 300 | _a124 p ., | ||
| 650 | _aEssays | ||
| 942 | _cL | ||
| 999 |
_c3742 _d3742 |
||